| 000 | 00000nam##2200000za#4500 |
| 001 | 9.643418 |
| 003 | CaOODSP |
| 005 | 20210624224147 |
| 007 | cr ||||||||||| |
| 008 | 150407|2006||||xxc|||||o f|0| 0 fre|d |
| 040 | |aCaOODSP|bfre |
| 043 | |an-cn--- |
| 086 | 1 |aH21-284/2006F-PDF |
| 110 | 1 |aCanada. |bSanté Canada. |
| 245 | 10|aL'Agence de réglementation de la lutte antiparasitaire (ARLA), région du Québec |h[ressource électronique] |
| 260 | |aOttawa - Ontario : |bSanté Canada |cc2007. |
| 300 | |a1p. |
| 500 | |aLe n° de catalogue (H21-284/2006) et l'ISBN (978-0-662-49738-7) de l'édition imprimée bilingue ont été incorrectement copiés dans l'édition électronique. |
| 590 | |a14-12-Supp|b2014-05-30 |
| 691 | 07|aPesticide|2gcpds |
| 691 | 07|aRéglementation|2gcpds |
| 775 | 08|tPest Management Regulatory Agency (PMRA), Quebec region |w(CaOODSP)9.699426 |
| 856 | 40|ahttp://publications.gc.ca|qPDF|s1.88 Mo|uhttps://publications.gc.ca/collections/collection_2014/sc-hc/H21-284-2006-fra.pdf |